00690nam a2200289Ia 4500008004100000040001000041082003400051082001500085100002400100245001900124250000800143260001100151260003900162260000900201300000800210300000600218300001400224530001900238530001700257563001000274600002400284630001900308650001100327650001900338700002400357730001900381160525s9999||||xx |||||||||||||| ||und|| cHindi avii.A (author) appaya dikshit bBORI-28516 aNarendranath sharma aAppaya dikshit b1st aBhopal bMadhyapradesh hindi granth academy c1672 a118 cB ePaperback bGovt. of india u00028687.pdf aStudy aNarendranath sharma aAppaya dikshit aAuthor aClassical lit. aNarendranath sharma aAppaya dikshit